Tilastot visalle Barbados-visa

Klikkaa tästä pelataksesi tätä visaa!

Yleistilastot

  • Tätä visaa on pelattu 192 kertaa
  • Keskiarvotulos 10 / 15

Vastaustilastot

VihjeVastaus% Oikein
Virallinen kieliEnglanti
97%
ValuuttaDollari
88%
Noin kolmanneksen Barbadoksen BKT:stä tuottava alaMatkailu
85%
Suosituin urheilulajiKriketti
84%
PääkaupunkiBridgetown
78%
Vuonna 1988 syntynyt tunnettu barbadosilainen poplaulajaRihanna
77%
Barbados on tämän saariryhmän itäisin saariPienet Antillit
63%
Juoma, jota Mount Gay on tuottanut vuodesta 1703 lähtienRommi
62%
Barbadoksen tärkein rahakasvi siirtomaa-aikaanSokeri
59%
Barbadoksella elää ainakin merinahka- ja karetti______Kilpikonnia
58%
Lipussa oleva aseAtrain
50%
Appelsiinin ja pomelon risteytys, joka löydettiin vahingossa BarbadokseltaGreippi
48%
Puhutuin kieliBajan
44%
Kunta, jossa pääkaupunki sijaitseeSaint {Michael}
36%
Vuonna 1816 tapahtunut orjien kapina{Bussa}kapina
35%

Tulosjakauma

Persentiili vastausten määrän mukaan

Jokaisen tuloksen saaneiden osuus

Tuloshistoriasi

Et ole pelannut tätä visaa